000 00427nam a2200145 a 4500
001 000017089
005 20200929165023.0
008 100317s1985 dr a 000 0 spa d
040 _aDO-SdBNP
_bspa
_cBNPHU
245 0 0 _aNo! a la violencia contra la mujer /
_cinvestigador Mely Papaterra.
260 _aSanto Domingo :
_bEditora Taller,
_c1985.
300 _a25 p. ;
_c22 cm.
700 1 _aPapaterra, Mely
_937682
049 _aBNPD
999 _c16615
_d16615